| 000 | 00413nam a2200181Ia 4500 | ||
|---|---|---|---|
| 003 | 0100 | ||
| 008 | 130303s9999 xx 000 0 und d | ||
| 040 | _cARRUPELIB | ||
| 050 | _aPA6297.A51965 | ||
| 100 | _aCicero, Marcus Tullius | ||
| 245 | _aLetters to Atticus | ||
| 260 | _aLondon | ||
| 260 | _bCambridge UP | ||
| 260 | _C1965- | ||
| 300 | _a2v. | ||
| 700 | _aed. by D.R. Shackleton Bailey | ||
| 942 | 0 | 0 | _02 |
| 999 |
_c39182 _d39182 |
||